Biggest Cities Starting with K by Country - Statistics

General Stats
  • This quiz has been taken 147 times
  • The average score is 30 of 148
Answers on the Map
Answers color-coded by a green-red scale on the quiz's map according to % correct below.
 
Answer Stats
Country City Population % Correct
Jamaica Kingston 584,627
97%
United Kingdom Kingston upon Hull 288,028
97%
Saint Vincent Kingstown 26,828
97%
Ukraine Kiev 2,967,360
95%
D. R. Congo Kinshasa 7,273,947
93%
United States Kansas City 495,327
92%
Nepal Kathmandu 1,003,285
92%
Togo Kara 115,400
91%
Pakistan Karachi 14,916,456
90%
Sudan Khartoum 1,410,858
89%
India Kolkata 14,057,991
89%
Uganda Kampala 1,680,600
88%
Afghanistan Kabul 4,434,600
87%
Poland Kraków 779,115
86%
Malaysia Kuala Lumpur 1,305,792
82%
Nigeria Kano 2,166,554
80%
Rwanda Kigali 859,332
80%
Russia Kazan 1,257,391
71%
Lithuania Kaunas 289,364
68%
Japan Kobe 1,527,407
68%
Ghana Kumasi 2,035,064
63%
China Kunming 3,385,363
63%
Kuwait Kuwait City 62,074
63%
Taiwan Kaohsiung 2,765,932
58%
Germany Karlsruhe 312,060
57%
Turkey Konya 1,300,605
55%
Iraq Kirkuk 972,272
43%
Slovakia Košice 238,593
43%
Canada Kitchener 470,015
42%
Austria Klagenfurt 101,300
41%
Norway Kristiansand 111,633
40%
Bangladesh Khulna 663,342
31%
Iran Karaj 1,592,492
25%
Finland Kuopio 119,282
25%
Zambia Kitwe 715,200
24%
Papua New Guinea Kimbe 22,923
23%
Australia Kalgoorlie 29,326
22%
South Africa Kimberley 225,155
21%
Serbia Kragujevac 150,835
21%
Kazakhstan Karaganda 497,698
19%
Sweden Karlstad 93,898
18%
Kenya Kisumu 397,957
18%
Georgia Kutaisi 135,201
18%
Ireland Killarney 14,017
16%
Iceland Kópavogur 37,959
16%
Hungary Kecskemét 110,687
15%
Morocco Kénitra 431,282
15%
Palau Koror 9,781
15%
Somalia Kismayo 358,000
14%
Belgium Kortrijk 77,109
14%
Tunisia Kairouan 139,070
11%
Croatia Karlovac 46,833
11%
Czech Republic Kladno 69,337
10%
Denmark Kolding 61,121
10%
Niger Kollo 14,746
10%
North Macedonia Kumanovo 73,590
10%
Guinea Kankan 190,722
9%
Greece Kateríni 60,854
9%
Albania Korçë 51,152
9%
Slovenia Kranj 42,754
9%
Indonesia Kupang 315,768
9%
Sierra Leone Kenema 200,443
8%
Eritrea Keren 55,586
8%
Mauritania Kiffa 50,206
8%
Estonia Kohtla-Järve 33,197
8%
Chad Kélo 57,859
6%
Libya Kufra 68,940
6%
Sri Lanka Kaduwela 252,041
5%
Senegal Kaolack 233,708
5%
Kyrgyzstan Karakol 78,130
5%
Saudi Arabia Khamis Mushait 430,828
5%
Switzerland Köniz 42,044
5%
Benin Kandi 56,043
4%
Botswana Kanye 47,007
4%
Mongolia Khovd 29,012
4%
Tanzania Kigoma 215,458
4%
Ivory Coast Korhogo 243,048
4%
Mali Koutiala 141,444
4%
Brunei Kuala Belait 31,890
4%
Tajikistan Kulob 106,300
4%
Luxembourg Käerjeng 10,464
3%
Myanmar Kale 130,506
3%
Netherlands Kampen 32,195
3%
Armenia Kapan 42,300
3%
Bulgaria Kazanlǎk 44,699
3%
Oman Khasab 21,651
3%
Algeria Khenchela 114,472
3%
Thailand Khon Kaen 114,459
3%
Marshall Islands Kili 548
3%
Kiribati Kiritimati 6,456
3%
F. S. Micronesia Kitti 6,470
3%
Belarus Kobryn 52,600
3%
Montenegro Kolašin 2,725
3%
Guinea-Bissau Komo 8,777
3%
Burkina Faso Koudougou 160,207
3%
Latvia Kuldiga 10,352
3%
Egypt Kafr El Sheikh 182,186
2%
Bosnia and Herzegovina Kakanj 11,796
2%
Liberia Kakata 34,608
2%
Mexico Kanasín 78,709
2%
Israel Kfar Saba 101,432
2%
Ethiopia Kombolcha 91,800
2%
Turkmenistan Konye-Urgench 35,386
2%
France Koungou 32,156
2%
Cameroon Kumba 144,268
2%
Kosovo Kaçanik 10,393
1%
North Korea Kaechon 262,389
1%
New Zealand Kaiapoi 12,850
1%
Philippines Kalibo 80,605
1%
Brazil Kaloré 4,047
1%
Mozambique Katembe 25,000
1%
Uzbekistan Kattakurgan 89,544
1%
Laos Kenethao 10,858
1%
Haiti Kenscoff 52,232
1%
Azerbaijan Keshla 24,600
1%
United Arab Emirates Khor Fakkan 39,151
1%
Republic of the Congo Kinkala 8,600
1%
Suriname Koewarasan 27,713
1%
Vietnam Kon Tum 102,051
1%
Gabon Koulamoutou 25,651
1%
Zimbabwe Kwekwe 100,900
1%
Central African Republic Kaga-Bandoro 24,661
0%
Malta Kalkara 3,014
0%
Italy Kaltern an der Weinstraße 7,592
0%
Cambodia Kampong Cham 47,300
0%
Bhutan Kanglung 3,223
0%
South Sudan Kapoeta 16,449
0%
Paraguay Karapaí 7,280
0%
Malawi Karonga 61,609
0%
Namibia Katima Mulilo 28,362
0%
Cyprus Káto Polemídia 22,369
0%
Burundi Kayanza 21,767
0%
Trinidad and Tobago Kelly Village 4,178
0%
Lebanon Kfarshima 6,300
0%
Yemen Khamr 15,230
0%
Syria Khan Shaykun 34,371
0%
Lesotho Khomokhoana 26,851
0%
Jordan Khuraybat as-Suq 186,158
0%
Solomon Islands Kirakira 1,542
0%
Madagascar Kiranomena 24,000
0%
Comoros Koimbani 2,054
0%
Tonga Kolonga 1,145
0%
Gambia Kotu 16,358
0%
Nicaragua Kukra Hill 8,789
0%
Maldives Kulhudhuffushi 8,440
0%
Guyana Kuru Kururu 4,491
0%
Panama Kusapín 33,121
0%
Eswatini Kwaluseni 3,395
0%
No matching quizzes found
Score Distribution
Percent of People with Each Score
Percentile by Number Answered
Your Score History
You have not taken this quiz